First course in functional analysis

Αποθηκεύτηκε σε:
Λεπτομέρειες βιβλιογραφικής εγγραφής
Κύριος συγγραφέας: Goffman, Casper 1913-
Άλλοι συγγραφείς: Pedrick, George
Μορφή: Βιβλίο
Γλώσσα:English
Δημοσίευση: New York : Chelsea, 1983
Έκδοση:2nd ed.
Θέματα:
Ετικέτες: Προσθήκη ετικέτας
Δεν υπάρχουν, Καταχωρήστε ετικέτα πρώτοι!

MARC

LEADER 00000nam a2200000 i 4500
001 1/65865
008 071127s1983 eng d
020 |a 0-8284-0319-8 
035 |l 10092786 
040 |a GR-MY-UA  |b gre  |e aacr 
041 0 |a eng 
082 0 |a 515.7  |2 (22) 
100 1 |a Goffman, Casper  |d 1913- 
245 1 0 |a First course in functional analysis /  |c Casper Goffman, George Pedrick 
250 |a 2nd ed. 
260 |a New York :   |b Chelsea,   |c 1983 
300 |a xi, 284 σ. ;  |c 24 εκ. 
504 |a Βιβλιογραφία: σ. 277-279. Ευρετήριο 
650 0 0 |a Functional analysis. 
700 1 |a Pedrick, George. 
852 |a INST  |b CHIOS  |e 20071204  |h 515.7 GOF  |p 005200028231  |q 005200028231  |t BK  |y 0 
901 |a BIBL2-2007-3 
909 |a Χ  |b 140682 
922 |a 2ΕΛΗ  |b 200711  |c ΕΠΕΑΕΚ2/ΤΜΟΔ  |d ΕΛΕΥΘΕΡΟΥΔΑΚΗΣ 
970 |a ΑΤΣΑΛΗ  |b ΔΕΣΠΟΙΝΑ  |z 2007/11/27